La lección de Malvinas.

La guerra de Malvinas bajo la óptica de ex-combatientes argentinos y británicos. Testimonios. Diferencias de estrategia y armamento entre ambos bandos. La falta de preparación de las Fuerzas Armadas ante el conflicto.

Guardado en:
Formato: Deslizar
Materias:
Etiquetas: Agregar Etiqueta
Sin Etiquetas, Sea el primero en etiquetar este registro!
LEADER 00863ngm a22002055g 4500
001 CEM.cems022494
008 130507b2000##################0###0#####d
005 20241105140857.0
245 0 0 |a La lección de Malvinas. 
300 |a 25'. 
500 |a En soporte VHS, consultar en ventanilla. 
520 |a La guerra de Malvinas bajo la óptica de ex-combatientes argentinos y británicos. Testimonios. Diferencias de estrategia y armamento entre ambos bandos. La falta de preparación de las Fuerzas Armadas ante el conflicto. 
538 |a Soporte: VHS - Norma: Pal N - Color: Si - Grabación DRD 2000 - Hitachi=4945 
082 9 8 |/ UBA-1 
653 |a HISTORIA ARGENTINA CONTEMPORANEA 
653 |a MALVINAS 
653 |a ARGENTINA 
653 |a NIVEL PRIMARIO 
653 |a NIVEL SECUNDARIO 
859 |a CEMS  |b BIB. CEMS - Depto. Recursos Didacticos  |h 982  |i UBA-1  |k DRD  |p 1137.12  |t Ej.1